000 006380000a22001930004500
041 0 _aSPA
082 0 4 _aG 230.04 M4788t
100 1 _aMcClendon, James William
245 1 0 _aTeólogos destacados del Siglo XX / James William McClendon ; Rolando Gutiérrez, Alfredo Díaz, Traductores
260 _aEl Paso, TX., USA : Casa Bautista de Publicaciones
300 _a64 Pag
500 _aTítulo original : Peacemakers of Christian thought
650 1 4 _aTEOLOGIA - SIGLO XX \ TEOLOGOS
001 3318
942 _cBK
999 _c33997
_d33997
336 _atexto
_btxt
_2rdacontent
337 _2rdamedia
_asin mediación
_bn
338 _2rdacarrier
_avolumen
_bnc